000 00575nam a2200241Ia 4500
003 OSt
005 20220918200318.0
006 a|||||r|||| 00| 0
007 ta
008 220917b |||||||| |||| 00| 0 eng d
024 _a88,275
037 _cTextual
040 _aARTS
_cARTS
_beng
041 _2eng
_aeng
082 _aU11, K01(UD)
100 _aDury G H
_993140
245 0 _aMap interpretation
250 _a2nd
260 _c1960
650 _aMAPS; GEOGRAPHY
_920557
942 _hU11, K01(UD)
_cTEXL
_2CC
999 _c211964
_d211964